| 000 | 01381nam a2200205 4500 | ||
|---|---|---|---|
| 001 | 768714001 | ||
| 003 | CO-MdFUSB | ||
| 005 | 20250722103503.0 | ||
| 008 | 250722t1986 cr |||| |||| 00| 0 spa d | ||
| 040 |
_bspa _cCO-MdFUSB _dCO-MdFUSB |
||
| 100 |
_aRamírez, Eduardo M., _eautor |
||
| 245 | 3 |
_aUn culto basado en el Salmo 34 _c/ Eduardo M. Ramírez |
|
| 300 |
_aVolumen 5, número 1, (marzo, 1986), páginas: 27 - 28 ; _c27 cm. |
||
| 520 | _aEl texto propone una forma creativa de organizar el culto cristiano tomando como guía un salmo, en este caso, el Salmo 34. Esta metodología busca romper la rutina y fomentar una adoración significativa que transforme la vida diaria de los creyentes. Se sugiere realizar un análisis hermenéutico del salmo para identificar su estructura y momentos clave, los cuales se usan como base para organizar actividades como cantos, oraciones, lecturas, testimonios, exhortaciones y ofrendas. El objetivo es que todo el culto mantenga coherencia temática y conduzca a la congregación a reconocer la presencia de Dios y responder con adoración y gratitud. | ||
| 630 | 0 | 7 |
_aBiblia. _pSalmos _xCrítica, interpretación, etc. |
| 650 | 7 |
_aLiturgia _9206 |
|
| 773 | 0 |
_049402 _959679 _dBuenos Aires _oR0771 _tIglesia y Misión _w(CO-MdFUSB)19 _gVolumen 5, número 1, (marzo, 1986), páginas: 27 - 28 _qpáginas 27 |
|
| 942 | _cANA | ||
| 945 | _aJTF-925 | ||
| 999 |
_c71405 _d71405 |
||